Východisko z nedostatku peňazí Najjednoduchší typ podniku v našich podmienkach - družstvo
História družstevníctva a vznik družstiev na Slovensku. Polemiky o opodstatnení družstevníctva. Transformácia družstiev podľa zákona č.42/1992 Zb. o úprave majetkových vzťahov a vysporiadaní majetkových nárokov družstva. Nepoľnohospodárske družstevníctvo. Pozitíva transformácie.
Salvato in:
| Autore principale: | |
|---|---|
| Natura: | Capitolo di libro |
| Lingua: | slovacco |
| Soggetti: | |
| Tags: |
Nessun Tag, puoi essere il primo ad aggiungerne!!
|
MARC
| LEADER | 00000naa a2200000 4500 | ||
|---|---|---|---|
| 001 | r014800 | ||
| 005 | 20221205091014.2 | ||
| 041 | 0 | |a slo | |
| 044 | |a SK | ||
| 245 | 1 | 0 | |a Východisko z nedostatku peňazí |b Najjednoduchší typ podniku v našich podmienkach - družstvo |c Elena Šúbertová |
| 520 | |a História družstevníctva a vznik družstiev na Slovensku. Polemiky o opodstatnení družstevníctva. Transformácia družstiev podľa zákona č.42/1992 Zb. o úprave majetkových vzťahov a vysporiadaní majetkových nárokov družstva. Nepoľnohospodárske družstevníctvo. Pozitíva transformácie. | ||
| 610 | 2 | 0 | |a družstvá |
| 610 | 2 | 0 | |a družstevníctvo |
| 610 | 2 | 0 | |a Slovensko |
| 610 | 2 | 0 | |a transformácia |
| 610 | 2 | 0 | |a 1992 |
| 100 | 1 | |a Šúbertová, Elena | |